000 00717cam a22002653a 4500
001 32
003 PGUSA
005 20140828082942.0
008 080627s2008||||xxu|||||s|||||000 1 eng d
040 _aPGUSA
_beng
042 _adc
050 4 _aPS
100 1 _aGilman, Charlotte Perkins,
_d1860-1935
245 1 0 _aHerland
_h[electronic resource] /
_cCharlotte Perkins Gilman
260 _bProject Gutenberg,
_c2008
506 _aPublic domain in the USA.
516 _aElectronic text
653 _aUtopian fiction
653 _aUtopias -- Fiction
653 _aBlack humor
653 _aWomen -- Fiction
830 0 _aProject Gutenberg
_v32
856 4 0 _uhttp://www.gutenberg.org/ebooks/32
942 _cEB
999 _c229403
_d229403